000 00978nam a2200301 i 4500
001 8278
003 ES-MaACL
005 20250816062524.0
007 t|
008 920428s1987 sp ||||1| spa d
020 _a84-297-2590-3
080 _a7 Mahler
080 _a78(437)"1860/1911"Mahler
080 _a92 Mahler
100 1 _aAdorno, Theodor W.
_918468
245 1 0 _aMahler
_b: una fisiognómica musical /
_cTheodor W. Adorno ; traducción de Andrés Sánchez Pascual ; prólogo de Josep Soler.
250 _a[1ª ed.].
260 _aBarcelona :
_bPenínsula,
_c1987.
300 _a224 p. ;
_c21 cm.
490 1 _aHistoria, ciencia, sociedad ;
_v203
500 _aIndices.
600 1 4 _aMahler, Gustav,
_d1860-1911
_975538
700 1 _aSánchez Pascual, Andrés.
_9102833
700 1 _aSoler, Josep.
_9107151
830 0 0 _aHistoria, ciencia, sociedad (Península)
_v203
_9177444
852 _aES-MaACL
_jL-15645
_bR.120098
999 _c8278
_d8278